Marerials science- Selection of materials

সংরক্ষণ করুন:
গ্রন্থ-পঞ্জীর বিবরন
প্রধান লেখক: Jones, S. W.
বিন্যাস: গ্রন্থ
ভাষা:Undetermined
প্রকাশিত: London ButterWorths 1970
বিষয়গুলি:
ট্যাগগুলো: ট্যাগ যুক্ত করুন
কোনো ট্যাগ নেই, প্রথমজন হিসাবে ট্যাগ করুন!
Thư viện lưu trữ: Trung tâm Học liệu Trường Đại học Cần Thơ
LEADER 00470nam a2200181Ia 4500
001 CTU_81581
008 210402s9999 xx 000 0 und d
082 |a 620.1 
082 |b J76 
100 |a Jones, S. W. 
245 0 |a Marerials science- Selection of materials 
245 0 |c S. W. Jones 
260 |a London 
260 |b ButterWorths 
260 |c 1970 
650 |a Materials 
904 |i Trọng Hải 
980 |a Trung tâm Học liệu Trường Đại học Cần Thơ